| 000 | 00900nam a2200289 a 4500 | ||
|---|---|---|---|
| 001 | 24464 | ||
| 003 | CO-ViMGA | ||
| 008 | 141112s2004 ck r 000 u spa d | ||
| 020 | _a9789589909102 | ||
| 040 |
_aCO-ViMGA _bspa _cCO-ViMGA |
||
| 041 | _aSPA | ||
| 090 | _aN BAR12 | ||
| 100 | 1 |
_aBaricco, Alessandro, 1958 - _936312 |
|
| 245 | 1 | 0 |
_aSeda / _cAlessandro Baricco ; traducción Xavier González Rovira, Carlos Gumpert |
| 250 | _a1a ed. | ||
| 260 |
_aBogotá : _bAnagrama, _c2009 |
||
| 300 | _a125 p. | ||
| 490 | _aPanorama de narrativas | ||
| 500 | _aTítulo original : Seta | ||
| 650 | 1 | 4 |
_aAUTORES ITALIANOS _936313 |
| 650 | 1 | 4 |
_aLITERATURA ITALIANA - SIGLO XX _936314 |
| 650 | 1 | 4 |
_aNOVELA AMOROSA _92079 |
| 650 | 1 | 4 |
_aNOVELA EROTICA ITALIANA _936315 |
| 650 | 1 | 4 |
_aNOVELA ITALIANA - SIGLO XX _936316 |
| 700 | 1 |
_aGumpert, Carlos González Rovira, Xavier _936317 |
|
| 942 |
_2ddc _cBK |
||
| 999 |
_c2188 _d2188 |
||